[Event "Foment Martinenc op-C 22nd"]
[Site "Barcelona"]
[Date "2022.05.14"]
[Round "4"]
[White "Gomez Kunz, Tarik Marti"]
[Black "Bas Cornella, Claudia"]
[Result "1-0"]
[WhiteElo "1511"]
[BlackElo "1468"]
[PlyCount "53"]
[EventDate "2022.04.23"]
[EventType "swiss"]
[EventRounds "9"]
[EventCountry "ESP"]
[SourceTitle "EXT 2023"]
[Source "ChessBase"]
[SourceDate "2022.10.05"]
[SourceVersion "1"]
[SourceVersionDate "2022.10.05"]
[SourceQuality "1"]

1. e4 e6 2. d4 Nf6 3. Nc3 Bd6 4. e5 Bb4 5. exf6 Qxf6 6. Nf3 0-0 7. Bd2 b6 8. Nb5 Nc6 9. Nxc7 Rb8 10. Nb5 Ba6 11. Nxa7 Nxa7 12. Bxb4 Rfe8 13. Bxa6 Qg6 14. 0-0 Nc6 15. Bd6 Ra8 16. Bb7 Ra7 17. Bxc6 dxc6 18. Ne5 Qg5 19. Qf3 f6 20. Nxc6 Rf7 21. Rfe1 f5 22. d5 Rf6 23. Be7 Rxe7 24. Nxe7+ Kh8 25. d6 Qd2 26. Qa8+ Rf8 27. Qxf8# 1-0